LEADER 01322nam a2200265 i 4500 001 000000145753 003 CaOOAMICUS 005 20051207000000.0 008 051207s2004 it u000 u ita u 013 $a121145 040 $aSeMil$bita 100 1 $aGuarinelli, Stefano,$c.$0(OLS)http://semarc/name/32948 245 10$aIn principio era il "noi" :$bsentire l'altro, sentire Dio /$cStefano Guarinelli. 260 $a[S.l.] :$bSeminario Arcivescovile di Milano,$c2004. 300 $a19 p. ;$c21 cm. 490 0 $aQuaderni di S. Pietro Martire ;$v28 490 0 $aQuaderni di S. Pietro Martire. Serie Intelligenza della fede ;$v12 500 $aIn testa al front : Comunitą Propedeutica e del Biennio Teologico. 650 4$aAlteritą - Psicanalisi.$0(OLS)http://semarc/subject/23094 830 0$aQuaderni di S. Pietro Martire ;$v28.$0(OLS)http://semarc/title/19757 830 0$aQuaderni di S. Pietro Martire. Serie Intelligenza della fede ;$v12.$0(OLS)http://semarc/title/19763 850 $aSeMil 852 $aSeMil$W1$xVenegono$y1$m5D V 25/15$j98484$B98484$CSeMilBibl$Z2$F106696 $81 996 $6245$aIn principio era il "noi" :$bsentire l'altro, sentire Dio$9(OLS)http://semarc/title/213110 996 $6260$a[S.l.] :$bSeminario Arcivescovile di Milano$9(OLS)http://semarc/publisher/44246 LEADER 01367nam a2200301 4500 001 000000351232 003 CaOOAMICUS 005 20250723090237.0 008 220816s1634 it a 000 u ita r 026 $eses- o;ra a.ra DuEp (3) 1634 (R) 040 $aSeMil$bita 100 11$aLalli, Giovanni Battista,$d<1572-1637>.$0(OLS)http://semarc/name/62575 240 10$aAeneis.$0(OLS)http://semarc/title/26860 245 12$aL'Eneide travestita del signor Gio. Battista Lalli. 264 1$aIn Roma :$b[per gli eredi del Facciotti],$c1634. 300 $a[24], 600 p., [1] carta di tav. :$bantip. calcogr. ;$c12° 500 $aIniziali, testatine, finalini xilogr. 500 $aNome dell'editore dall'antip. calcogr. 500 $aCors. ; rom. 500 $aSegn.: ?¹² A-2B¹² 500 $aMarca: Uomo suona il violino seduto su delfino. in cornice figurata (U445) sul front. 500 $aRiferimenti: BL v. 2, p. 965 700 1 $aFacciotti, Guglielmo eredi,$c.$0(OLS)http://semarc/name/116310 850 $aSeMil 852 $aSeMil$W1$xVenegono$y1$m2ZB VIII 27 FA$j233931$B242309$CSeMilBibl$Z2$F242309 $8I 996 $6245$aL'Eneide travestita del signor Gio. Battista Lalli$9(OLS)http://semarc/title/441004 996 $6264$aIn Roma :$b[per gli eredi del Facciotti]$9(OLS)http://semarc/publisher/60569